000 00623nam a22001937a 4500
005 20251108171248.0
008 250721s1993 xx 000 0 ara d
082 1 4 _a657.4/محم
100 1 _aبلبع، محمد توفيق
245 1 0 _aأساسيات محاسبة التكاليف /
264 1 _aالقاهره :
_bجامعة القاهره - التعليم المفتوح،
_c1993.
300 _a326ص
650 1 7 _aالمحاسبة
650 1 7 _aمحاسبة التكاليف
700 1 _aعيد، حنفي زكي
700 1 _aعيد، صلاح بسيومي محمد
942 _2ddc
_cBK
999 _c60760
_d60760